000 00320nam a22001457a 4500
008 230404b ||||| |||| 00| 0 eng d
020 _a9780300065046
041 _aeng
080 _a34
082 _a34HAZ
100 _a31
101 _aJUREDIK
245 _aAMERICAN CIVIL PROCEDURE
_cHAZARD.C.G
942 _2udc
_cBK
999 _c59506
_d59506